00508nam a2200181 a 450000100060000000300080000600500170001400800390003103500190007004000320008904100080012108200220012910000200015124500780017126000430024930000210029265000130031332615BD-RjUL20211209051850.0140427s1983 pk 000 0 eng a(BD-RjUL)32704 aDLCcDLCdDLCdBD-RjULbeng aeng00a291219bSAI 19831 aSandeela, F. M.10aIslam, Christianity, Hinduism :ba comparative study /cby F.M. Sandeela. aKarachi :bAshraf Publications,c1983. a180 p. ;c18 cm. 0aReligion